Reference & user services quarterly.

Bibliographic Details
Previous Title:RQ
Reference and User Services Association RUSA update.
Corporate Author: Reference and User Services Association
Format: Journal
Language:English
Published: Chicago : American Library Association, [1997-]
Subjects:
Online Availability: Check for online availability

MARC

Tag First Indicator Second Indicator Subfields
LEADER 00000cas a2200000 a 4500
001 in00001409996
005 20151020060825.0
008 980211d19972011iluqr p 0 a0eng c
010 |a  98643583   |z sn 97001748   |z sn 98026008  
016 7 |a 9892048  |2 DNLM 
016 7 |a SR0092757  |2 DNLM 
016 7 |a 008557845  |2 Uk 
019 |a 38417782 
022 0 |a 1094-9054  |l 1094-9054  |2 1 
029 1 |a NLM  |b 9892048 
029 1 |a NZ1  |b 4438247 
029 1 |a AU@  |b 000013408345 
029 1 |a AU@  |b 000044176616 
029 1 |a ZWZ  |b 040431487 
030 |a RUSQFU 
032 |a 472580  |b USPS 
035 |a (OCoLC)ocm37395409 
037 |b American Library Association, 50 E. Huron St., Chicago, IL 68611 
040 |a NSD  |c NSD  |d DLC  |d NYG  |d AGL  |d DLC  |d CAS  |d SYS  |d IUL  |d GUA  |d OCL  |d NLM  |d B2Q  |d CUS  |d OCLCQ  |d IUL  |d UKMGB  |d DLC  |d IUL  |d UtOrBLW 
042 |a pcc  |a nsdp 
043 |a n-us--- 
049 |a TXAM 
050 0 0 |a Z671  |b .R23 
070 0 |a Z672.R23 
072 0 |a X200 
082 0 0 |a 025.5/2/0973 
090 |a Z711  |b .R2 
210 0 |a Ref. user serv. q. 
222 0 |a Reference and user services quarterly 
245 0 0 |a Reference & user services quarterly. 
246 3 |a Reference and user services quarterly 
246 1 3 |a RUSQ 
264 1 |a Chicago :  |b American Library Association,  |c [1997-] 
264 4 |c ©1997- 
300 |a volumes :  |b illustrations ;  |c 28 cm. 
310 |a Quarterly 
336 |a text  |b txt  |2 rdacontent 
337 |a unmediated  |b n  |2 rdamedia 
338 |a volume  |b nc  |2 rdacarrier 
362 1 |a Began with: Vol. 37, no. 1 (fall 1997); ceased in print with: Vol. 50, No. 4 (summer 2011). 
500 |a Title from cover. 
530 |a Selected articles are also available online. 
550 |a Official publication of the Reference and User Services Association. 
580 |a Absorbed: RUSA update, 2002. 
650 0 |a Reference services (Libraries)  |v Periodicals. 
650 0 |a Library science  |v Periodicals. 
710 2 |a Reference and User Services Association. 
776 1 |t Reference & user services quarterly (Online)  |x 2163-5242  |w (DLC) 2008249035  |w (OCoLC)42821691 
780 0 0 |t RQ  |x 0033-7072  |w (DLC) 77023834  |w (OCoLC)1852823 
780 1 5 |a Reference and User Services Association  |t RUSA update.  |g 2002  |x 1095-2624  |w (DLC) 97647523  |w (OCoLC)35522390 
850 |a DLC  |a DNAL  |a FU  |a InU  |a MiU  |a N 
891 2 0 |9 853  |8 1  |a v.  |b no.  |u 4  |v r  |i (year)  |j (season)  |w q 
891 4 1 |9 863  |8 1.1  |a 37  |b 1  |i 1997  |j 23 
994 |a C0  |b TXA 
949 |a updated  |b h  |c 2012/4/9  |e coplinger  |f 12:43:23 pm 
999 |a MARS 
999 f f |s e66f7361-9420-3ef1-a6be-91432a58c6f7  |i 1adbfc08-96d2-3045-beef-0eb3cce91e28  |t 0 
952 f f |a Texas A&M University  |b Rellis Campus  |c Joint Library Facility  |d Remote Storage  |e Z711 .R2  |h Library of Congress classification  |i unmediated -- volume  |k v.43  |l 2003/2004  |m A14833682244  |p ric  |s JLF  |t 0 
952 f f |a Texas A&M University  |b Rellis Campus  |c Joint Library Facility  |d Remote Storage  |e Z711 .R2  |h Library of Congress classification  |i unmediated -- volume  |k v.38  |l 1999  |m A14826428671  |p ric  |s JLF  |t 0 
952 f f |a Texas A&M University  |b Rellis Campus  |c Joint Library Facility  |d Remote Storage  |e Z711 .R2  |h Library of Congress classification  |i unmediated -- volume  |k v.40  |l 2000/2001  |m A14829257817  |p ric  |s JLF  |t 0 
952 f f |a Texas A&M University  |b Rellis Campus  |c Joint Library Facility  |d Remote Storage  |e Z711 .R2  |h Library of Congress classification  |i unmediated -- volume  |k v.46  |l 2006/2007  |m A14837116449  |p ric  |s JLF  |t 0 
952 f f |a Texas A&M University  |b Rellis Campus  |c Joint Library Facility  |d Remote Storage  |e Z711 .R2  |h Library of Congress classification  |i unmediated -- volume  |k v.47  |l 2007/2008  |m A14834766392  |p ric  |s JLF  |t 0 
952 f f |a Texas A&M University  |b Rellis Campus  |c Joint Library Facility  |d Remote Storage  |e Z711 .R2  |h Library of Congress classification  |i unmediated -- volume  |k v.48  |l 2008/2009  |m A14839096598  |p ric  |s JLF  |t 0 
952 f f |a Texas A&M University  |b Rellis Campus  |c Joint Library Facility  |d Remote Storage  |e Z711 .R2  |h Library of Congress classification  |i unmediated -- volume  |k v.49  |l 2009/2010  |m A14838997474  |p ric  |s JLF  |t 0 
952 f f |a Texas A&M University  |b Rellis Campus  |c Joint Library Facility  |d Remote Storage  |e Z711 .R2  |h Library of Congress classification  |i unmediated -- volume  |k v.41  |l 2001/02  |m A14829630772  |p ric  |s JLF  |t 0 
952 f f |a Texas A&M University  |b Rellis Campus  |c Joint Library Facility  |d Remote Storage  |e Z711 .R2  |h Library of Congress classification  |i unmediated -- volume  |k v.42:no.1-2,4  |l 2002/2003:Fall-Winter,Summer  |m A14831803022  |p ric  |s JLF  |t 0 
952 f f |a Texas A&M University  |b Rellis Campus  |c Joint Library Facility  |d Remote Storage  |e Z711 .R2  |h Library of Congress classification  |i unmediated -- volume  |k v.37  |l 1997/1998  |m A14824015024  |p ric  |s JLF  |t 0 
952 f f |a Texas A&M University  |b Rellis Campus  |c Joint Library Facility  |d Remote Storage  |e Z711 .R2  |h Library of Congress classification  |i unmediated -- volume  |k v.50  |l 2010/2011  |m A14839678201  |p ric  |s JLF  |t 0 
952 f f |a Texas A&M University  |b Rellis Campus  |c Joint Library Facility  |d Remote Storage  |e Z711 .R2  |h Library of Congress classification  |i unmediated -- volume  |k v.45  |l 2005/2006  |m A14835857154  |p ric  |s JLF  |t 0 
952 f f |a Texas A&M University  |b Rellis Campus  |c Joint Library Facility  |d Remote Storage  |e Z711 .R2  |h Library of Congress classification  |i unmediated -- volume  |k v.39  |l 1999/2000  |m A14829257697  |p ric  |s JLF  |t 0 
952 f f |a Texas A&M University  |b Rellis Campus  |c Joint Library Facility  |d Remote Storage  |e Z711 .R2  |h Library of Congress classification  |i unmediated -- volume  |k v.44  |l 2004/2005  |m A14834461146  |p ric  |s JLF  |t 0 
998 f f |a Z711 .R2  |s v.43-50 (2003/2004-2010/2011)  |t 0  |l Remote Storage